| 000 | 00747na a2200265 4500 | ||
|---|---|---|---|
| 001 | 22483 | ||
| 003 | MIRAKIL | ||
| 005 | 20181213155243.0 | ||
| 008 | 170214b tu 000 0 | ||
| 040 |
_aMilas _btur _cTR-AnCHP |
||
| 041 | _atur | ||
| 090 | _aSODEP | ||
| 111 | _aSosyal Demokrasi Partisi (SODEP) | ||
| 245 |
_aBirinci büyük kongre _cSosyal Demokrasi Partisi |
||
| 246 | _aSODEP kongre delegeleri | ||
| 260 |
_aAnkara _bSODEP _c[t.y.] |
||
| 300 |
_a24 s. _c20 sm. |
||
| 490 | _aSODEP yayınları | ||
| 610 |
_aSosyal Demokrasi Partisi (SODEP) _xDelege listesi |
||
| 610 |
_aSosyal Demokrasi Partisi (SODEP) _xKongreler _xDelegeler |
||
| 710 | _aSODEP | ||
| 830 | _aSODEP yayınları | ||
| 942 |
_2ddc _cBKS |
||
| 999 |
_c9324 _d9324 |
||